Guess the lyrics (#37) - Statistics

General Stats
  • This quiz has been taken 248 times
    80 since last reset
  • The average score is 54 of 112
Answer Stats
Answer % Correct
I
100%
a
92%
you
87%
be
84%
the
84%
on
82%
it
79%
in
77%
to
77%
what
77%
and
75%
is
70%
Is
70%
me
67%
me)
67%
me,
67%
I'll
62%
So
62%
love,
59%
no
59%
for
57%
my
57%
You're
56%
don't
51%
know
51%
that
51%
I'm
49%
say
49%
Say
49%
say,
49%
or
48%
Take
44%
(Take
44%
All
43%
all
43%
But
43%
It's
43%
We're
43%
gone
41%
I've
39%
just
38%
away
36%
away?
36%
day
34%
than
34%
two
31%
got
30%
anyway
28%
life
25%
yeah
21%
better
20%
another
16%
coming
16%
find
16%
needless
16%
ok?
16%
ok
16%
play
16%
sorry
16%
talking
16%
after
15%
remember
15%
safe
15%
things
15%
shying
11%
ends
10%
learning
10%
worries
10%
odds
8%
slowly
8%
Today's
8%
stumbling
7%
No matching quizzes found
Score Distribution
Percent of People with Each Score
Percentile by Number Answered
Your Score History
You have not taken this quiz since the last reset